000 00415nam a2200133Ia 4500
008 230413s9999||||xx |||||||||||||| ||und||
020 _a9788126506460
082 _a338.76100416092
_bY681
100 _aYoung, Jeffrey S. & Simon, William L
245 0 _aICon: Steve Jobs, the greatest second act in the history of business
260 _aNew Delhi
_bJohn Wiley & Sons Inc.
_c2005
300 _a359 p.
942 _cBK
999 _c26275
_d26275